Real Word or Not? Quiz Stats

 Plays Quiz Updated Jun 24, 2015

Challenge
Share
Tweet
Embed
Score 0/40 Timer 04:00
0 Plays Today
Word (E)nglish or (G)ibberish % Correct
Proffer????
82.6%
Kerfuffle????
79%
Squap????
75.5%
Jurd????
72.4%
Umami????
72%
Macrosmatic????
70.3%
Glomtom????
68.5%
Halfpace????
68.4%
Quire????
65.6%
Ort????
64.3%
Didiza????
63.5%
Snill????
62.7%
Mough????
60.7%
Firkin????
59.8%
Agraffe????
59.2%
Surogou????
59.2%
Seiliu????
59.2%
Wapiti????
59.1%
Yoffa????
57.9%
Bezoar????
57.2%
Word (E)nglish or (G)ibberish % Correct
Luite????
56.2%
Oxter????
56%
Rodrup????
54.5%
Werradith????
52.3%
Causeuse????
51.3%
Zedonk????
51.1%
Vang????
47.4%
Quincunx????
46.9%
Novaly????
46.7%
Parede????
43.9%
Umon????
43.9%
Zenzizenzizenzic????
42.5%
Farctate????
42.2%
Wavefire????
41.7%
Hoppler????
41.1%
Hysleria????
41%
Morath????
36.8%
Novanoid????
29.6%
Gobo????
28.3%
Pyknic????
26.1%

You're not logged in!

Compare scores with friends on all Sporcle quizzes.
OR
Log In

You Might Also Like...

Show Comments

Extras

Top Quizzes Today


Score Distribution

Your Account Isn't Verified!

In order to create a playlist on Sporcle, you need to verify the email address you used during registration. Go to your Sporcle Settings to finish the process.

Report this User

Report this user for behavior that violates our Community Guidelines.

Details: